000 02770cam a2200289 i 4500
001 18109386
005 20250213135415.0
008 140409s2014 ilu 000 0 eng
010 _a 2014013762
020 _a9780802412010 (paperback)
040 _aDLC
_beng
_cDLC
_erda
_dDLC
042 _apcc
100 1 _aHendricks, Bill.
245 1 4 _aThe person called you :
_bwhy you're here, why you matter & what you should do with your life /
_cBill Hendricks.
260 _aChicago :
_bMoody Publishers,
_cc2023.
300 _a238 pages ;
_c22 cm
336 _atext
_2rdacontent
337 _aunmediated
_2rdamedia
338 _avolume
_2rdacarrier
520 _a""I can't stand my job anymore." "I feel like I have no direction." "What should I really be doing with my life?" "What's my purpose? "Sound familiar? For the past twenty years, Bill Hendricks has been helping people of all ages and stages stymied by those kinds of questions. The key is found in harnessing the power of their giftedness. Every person has their own unique giftedness. Including you. And the best way to discover it is not through a test or an inventory or a gift assessment exercise, but from your own life story.The Person Called You is a celebration, exploration, and explanation of human giftedness. Bill describes what it is (and isn't), where it comes from, how you can discover your own giftedness, and most importantly, its potential to transform your life. Especially your work and relationships. Rather than just paying lip service to the popular notion that "everyone is unique," Bill puts a fine point on just how unique you really are, and how your personhood and purpose are inseparably linked. You're not just a "type" of person. You're you! With a unique way of doing life that fits you for a particular calling. Honor that God-given wiring and you'll start waking up with a sense of meaning, purpose, confidence, and direction. No, your problems won't all be solved. The world doesn't work that way. But as Bill shows through the stories of people he's worked with, it works a lot better when people use their giftedness to make their best contribution. The Person Called You is a practical guide to living the life you were meant to live. It's for anyone who knows they aren't quite where they ought to be-where they would flourish-and wants to start being who they were made to be. Is that really possible? Absolutely. It all begins with what Bill calls the "good truth" about you. "--
650 0 _aAbility.
650 0 _aConduct of life.
650 7 _aRELIGION / Christian Life / Spiritual Growth.
_2bisacsh
650 7 _aRELIGION / General.
_2bisacsh
650 7 _aRELIGION / Christian Life / Personal Growth.
_2bisacsh
942 _2lcc
_cBK
999 _c53452
_d53452